| 000 | 00830nam a22002773 4500 | ||
|---|---|---|---|
| 999 |
_c3977 _d3977 |
||
| 003 | UkOxU | ||
| 005 | 20220317134448.0 | ||
| 008 | 850717s1986 enk o000 0 eng u | ||
| 020 | _a0407006621 | ||
| 040 | _cALUPE UNIVERSITY COLLEGE | ||
| 050 |
_aRD31 _b.O64 1986 |
||
| 100 | 1 | _aRob, Charles. | |
| 245 | 1 | 0 |
_aRob and Smith's operative surgery : _bear. |
| 250 | _a4th ed. | ||
| 260 | 0 | 0 |
_aLondon : _bButterworths, _c1986. |
| 650 | 2 | _aSurgery, Operative | |
| 650 | 2 |
_aEar _xsurgery. |
|
| 650 | 0 | _aSurgery, Operative. | |
| 700 | 1 | 0 |
_aSmith of Marlow, Rodney Smith, _cBaron, _d1914- |
| 700 | 1 | 0 |
_aDudley, Hugh A. F. _q(Hugh Arnold Freeman) |
| 700 | 1 | 0 |
_aCarter, David C. _q(David Craig) |
| 700 | 1 | 0 | _aRussell, R. C. G. |
| 700 | 1 | 0 |
_aBallantyne, John C. _q(John Chalmers) |
| 700 | 1 | 0 | _aMorrison, Arnold. |
| 942 |
_2lcc _cBK _nDO |
||